000 00546nam a2200181Ia 4500
999 _c30651
_d30651
003 OSt
005 20200803121111.0
008 190216s9999||||xx |||||||||||||| ||und||
020 _a9780070857407
040 _coclc
082 _a515.353
_bSNE/E
100 _aSneddon, Ian N
_93897
245 0 _aElements Of Partial Differential Equations /
_cIan N Sneddon
260 _bMcgraw-Hill International Edition,
_c1957.
_aTokyo:
300 _a327p
650 _aMathematics
942 _cBK
_2ddc
_h515.353
_iSNE/E
_k515.353
_mSNE/E